000 00805nam a22001337a 4500
040 _cRUA
082 _aAGR KAK 2021 B1.570 Or.
100 _aKAK BROS កាក់ ប្រុស
245 _aDIVERSITY ANALYSIS OF SALT TOLERANCE IN SELECTED RICE LANDRACES FROM CAMBODIA AT EARLY GROWTH STAGE ការវិភាគភាពចម្រុះនៃការធន់និងអំបិលនៅក្នុងពូជស្រូវប្រពៃណីដែលបានជ្រើសរើសពីប្រទេសកម្ពុជាក្នុងដំណាក់កាលូតលាស់ដំបូង
260 _aPHNOM PENH
_bRUA
_c2021
300 _aVIII.41P
_bV.
_c29CM
856 _uhttps://drive.google.com/file/d/1T4Q3SB3AKaw7XxRAvNVTuWdoBZRsF-Y_/view?usp=sharing
942 _cAGR
999 _c22729
_d22729